Agitator mundi (Record no. 200)

MARC details
000 -LEADER
campo de control de longitud fija 00444 a2200133 4500
020 ## - NÚMERO INTERNACIONAL ESTÁNDAR DEL LIBRO
Número Internacional Estándar del Libro 9789968472890
082 ## - NÚMERO DE LA CLASIFICACIÓN DECIMAL DEWEY
Número de clasificación 193.092
Número de ítem F811a
100 ## - ENTRADA PRINCIPAL--NOMBRE DE PERSONA
Nombre de persona Fragomero, Roberto
9 (RLIN) 934
245 ## - MENCIÓN DEL TÍTULO
Título Agitator mundi
Resto del título Kant y la razon en busca de su nombre
260 ## - PUBLICACIÓN, DISTRIBUCIÓN, ETC.
Lugar de publicación, distribución, etc. San Jose, Costa Rica
Nombre del editor, distribuidor, etc. Editorial Arlekin
Fecha de publicación, distribución, etc. 2010
300 ## - DESCRIPCIÓN FÍSICA
Extensión 105 p
Otras características físicas ill (col)
Dimensiones 21 cm
650 ## - PUNTO DE ACCESO ADICIONAL DE MATERIA--TÉRMINO DE MATERIA
Subdivisión general Kant, Immanuel
-- critica e interpretacion
-- filosofia moderna
9 (RLIN) 935
700 ## - ENTRADA AGREGADA--NOMBRE PERSONAL
Nombre de persona Roberto Fragomero
9 (RLIN) 936
Holdings
Estatus retirado Estado de pérdida Fuente del sistema de clasificación o colocación Estado de daño No para préstamo Biblioteca de origen Biblioteca actual Ubicación en estantería Fecha de adquisición Total de préstamos Signatura topográfica completa Código de barras Visto por última vez Precio de reemplazo Tipo de ítem Koha
    Clasificación Decimal Dewey     Biblioteca LadoV Biblioteca LadoV   06/06/2014   193.092 F811a 000199 06/06/2014 06/06/2014 Material 01